| 000 | 01097nam0a22002771 4500 | ||
|---|---|---|---|
| 001 | rc\4135853 | ||
| 005 | 20130415180435.6 | ||
| 035 | _a(NLR Aleph) 007986984 | ||
| 090 |
_a8555188 _c8555188 |
||
| 100 | _a20130415d1954 |||y0rusy50 ca | ||
| 101 | 0 | _arus | |
| 102 | _aRU | ||
| 105 | _ay z ||||| | ||
| 200 | 1 |
_aИзмерение концентрации растворов фотоколориметров _fПод ред. ... канд. физ.-мат. наук доц. Е.А. Штрауф |
|
| 210 |
_aЛенинград _cБ. и. _d1954 |
||
| 215 |
_a[2], 14 с. _d28 |
||
| 225 | 1 |
_aЛенинградский технологический институт холодильной промышленности. Руководство по лабораторным работам [по физике] _v№ 41 |
|
| 300 | _aСтеклогр. | ||
| 320 | _aБиблиогр.: с. 14 | ||
| 700 | 1 |
_aПруссакова _bН. Г. |
|
| 702 | 1 |
_aШтрауф _bЕ. А. _4340 |
|
| 801 | 0 |
_aRU _bNLR _gpsbo |
|
| 801 | 1 |
_aRU _bELAR _2rusmarc |
|
| 852 |
_aNLR _jФз02 Г-8/417 |
||
| 942 | _cBOOK | ||
| 980 | _aNB | ||